Cours d'eau d'Artois Picardie - Statistiques

Statistiques générales
  • Ce quiz a été pris 10 fois
  • Le résultat moyen est 5 sur 46
Statistiques - réponses
Réponse % Correct
Somme
100%
Aa
63%
Escaut
50%
Lys
50%
Authie
38%
Canche
38%
Deule
38%
Noye
25%
Ancre
13%
Liane
13%
Nievre
13%
Sambre
13%
Scarpe
13%
Selle
13%
Yser
13%
Airaines
0%
Avre
0%
Becque
0%
Carence
0%
Cligneux
0%
Cologne
0%
Ecaillon
0%
Erclin
0%
Flamenne
0%
Hallue
0%
Hante
0%
Helpe
0%
Hem
0%
Hogneau
0%
Lawe
0%
Marque
0%
Maye
0%
Omignon
0%
Rhonelle
0%
Rivierette
0%
Scardon
0%
Sensée
0%
Slack
0%
Solre
0%
Souchez
0%
St landon
0%
Tarsy
0%
Ternoise
0%
Thure
0%
Trouille
0%
Wimereux
0%
Aucun quiz correspondant
Distribution des résultats
% des personnes avec chaque résultat
Percentile par nombre de réponses
Votre historique - résultats
Vous n’avez pas pris ce quiz